| 000 | 01645nam a22002897a 4500 | ||
|---|---|---|---|
| 003 | OSt | ||
| 005 | 20221013092655.0 | ||
| 008 | 211202b2021 ck a|||gr|||| 00| 0 spa d | ||
| 020 | _a9789585595859 | ||
| 040 |
_aCO-JMCR _cCO-JMCR |
||
| 041 | 0 | _aspa | |
| 082 | 0 | 4 |
_a898.39 / _bA654r _223 |
| 100 | 1 |
_aApüshana, Vito, _eautor _941713 |
|
| 245 | 1 | 0 |
_aRecuerdo mi origen / _cVito Apüshana, Fredy Chicangana, Nataly Domicó, [y otros 4] ; compiladora, Cristina Valencia |
| 250 | _aPrimera edición | ||
| 260 |
_aBogotá : _bInstituto Distrital de las Artes, Idartes, _c2021. |
||
| 300 |
_a116 páginas ; _c17 cm. |
||
| 490 | 0 |
_aLibro al Viento ; _v157. |
|
| 500 | _aIncluye datos biográficos de los autores | ||
| 505 | 0 |
_tLa voz de los pueblos indígenas, una voz necesaria. /
_rSonia Londoño Niño. -- _tPresentación. / _rCristian Valencia. -- _tLa wajiira tomada. / _rVito Apüshana. -- _tPalabra bajo el sol de los venados. / _rFredy Chikangana. -- _tLos espíritus no mueren (y cuatro poemas más). / _rNataly Domicó. -- _tSentir tranquilidad. / _rHugo Jamioy. -- _tLa fuerza y liderazgo de una mujer indígena nasa. / _rMaría Violet Medina Quiscue. -- _tPalabras con piel de viento y árbol, para territorios de cemento. / _rIván Niviayo. -- _tTodos los pueblos indígenas somos uno solo. / _rNelson Tuntaquimba Quinche. |
|
| 650 | 1 | 4 |
_aLiteratura indígena _zColombia _941714 |
| 650 | 2 | 4 |
_aIndígenas de Colombia _941715 _xVida social y costumbres |
| 700 | 1 |
_aChicangana, Fredy _eautor _941716 |
|
| 700 | 1 |
_aDomicó, Nataly, _eautora _941717 |
|
| 700 | 1 |
_aValencia, Cristina, _ecompiladora _941718 |
|
| 942 |
_2ddc _cBK |
||
| 999 |
_c15639 _d15639 |
||